2000s Movies A-Z Quiz Stats

 Plays Quiz Updated Jun 28, 2018

Score 0/26 Timer 06:00
6 Plays Today
% Correct
Iron Man
96.5%
Gladiator
96.3%
The Lord of the Rings: The Fellowship of the Ring
95.8%
The Dark Knight
95.3%
X-Men
93.5%
Pirates of the Caribbean: The Curse of the Black Pearl
93.4%
The Fast and the Furious
93.1%
Kill Bill: Vol. 1
91.4%
Juno
90.2%
Ratatouille
88.7%
Zoolander
88.6%
Slumdog Millionaire
88.2%
The Queen
83.6%
% Correct
The Blind Side
81.1%
Amélie
75.3%
No Country for Old Men
71%
Crouching Tiger, Hidden Dragon
70.5%
The Wrestler
69.5%
Eternal Sunshine of the Spotless Mind
64.5%
The Hurt Locker
63%
O Brother, Where Art Thou?
61.6%
Minority Report
59.2%
Van Helsing
56.5%
Up in the Air
50.1%
You Don't Mess with the Zohan
44.6%
There Will Be Blood
44.1%

You're not logged in!

Compare scores with friends on all Sporcle quizzes.
OR
Log In

Sporcle TV

Today on Sporcle TV


Watch our educational content, quiz creation guides, and fun videos on Sporcle TV.

Show Comments

Extras

Top Quizzes Today


Score Distribution

Your Account Isn't Verified!

In order to create a playlist on Sporcle, you need to verify the email address you used during registration. Go to your Sporcle Settings to finish the process.

Report this User

Report this user for behavior that violates our Community Guidelines.

Details: